The true vine / (Record no. 9519)
[ view plain ]
| 000 -LEADER | |
|---|---|
| fixed length control field | 01797cam a2200313 a 4500 |
| 001 - CONTROL NUMBER | |
| control field | 36986534 |
| 003 - CONTROL NUMBER IDENTIFIER | |
| control field | OCoLC |
| 005 - DATE AND TIME OF LATEST TRANSACTION | |
| control field | 20210115153310.0 |
| 008 - FIXED-LENGTH DATA ELEMENTS--GENERAL INFORMATION | |
| fixed length control field | 971017s1997 ilu 000 0 eng |
| 010 ## - LIBRARY OF CONGRESS CONTROL NUMBER | |
| LC control number | 97206820 |
| 020 ## - INTERNATIONAL STANDARD BOOK NUMBER | |
| International Standard Book Number | 0802463975 |
| 020 ## - INTERNATIONAL STANDARD BOOK NUMBER | |
| International Standard Book Number | 9780802463975 |
| 035 ## - SYSTEM CONTROL NUMBER | |
| System control number | (OCoLC)36986534 |
| 040 ## - CATALOGING SOURCE | |
| Original cataloging agency | DLC |
| Language of cataloging | eng |
| Transcribing agency | DLC |
| Modifying agency | BAKER |
| -- | BTCTA |
| -- | YDXCP |
| -- | SGB |
| -- | CIRBC |
| 050 00 - LIBRARY OF CONGRESS CALL NUMBER | |
| Classification number | BS2615.4 |
| Item number | .M867 1997 |
| 082 00 - DEWEY DECIMAL CLASSIFICATION NUMBER | |
| Classification number | 226.5/06 |
| Edition number | 21 |
| 092 ## - LOCALLY ASSIGNED DEWEY CALL NUMBER (OCLC) | |
| Classification number | 226.506 |
| Item number | M9813 |
| 100 1# - MAIN ENTRY--PERSONAL NAME | |
| Personal name | Murray, Andrew, |
| Dates associated with a name | 1828-1917. |
| 245 14 - TITLE STATEMENT | |
| Title | The true vine / |
| Statement of responsibility, etc. | Andrew Murray. |
| 250 ## - EDITION STATEMENT | |
| Edition statement | Updated ed. |
| 260 ## - PUBLICATION, DISTRIBUTION, ETC. | |
| Place of publication, distribution, etc. | Chicago : |
| Name of publisher, distributor, etc. | Moody Press, |
| Date of publication, distribution, etc. | 1997. |
| 300 ## - PHYSICAL DESCRIPTION | |
| Extent | 106 p. ; |
| Dimensions | 18 cm. |
| 490 1# - SERIES STATEMENT | |
| Series statement | Moody classics |
| 505 0# - FORMATTED CONTENTS NOTE | |
| Formatted contents note | The vine -- The husbandman -- The branch -- The fruit -- More fruit -- The cleansing -- The pruning knife -- Abide -- Except ye abide -- I the vine -- Ye the branches -- Much fruit -- Ye can do nothing -- Withered branches -- What ye will -- If ye abide -- The Father glorified -- True disciples -- The wonderful love -- Abide in my love -- Obey and abide -- Ye, even as I -- Joy -- Love one another -- As I have loved you -- Christ's friendship : its origin -- Christ's friendship : its evidence -- Christ's friendship : its intimacy -- Election -- Abiding fruit -- Prevailing prayer. |
| 520 ## - SUMMARY, ETC. | |
| Summary, etc. | Bearing much fruit is not a demand but a promise and result of abiding in Christ. Fruit is not a result of the branch's effort; it is the responsibility of the vine. That is one reason Christ used the grapevine as a picture of the Christian's relationship to him. Andrew Murray looks closely at this metaphor in this classic work, exploring it in 31 gripping chapters. - Back cover. |
| 630 00 - SUBJECT ADDED ENTRY--UNIFORM TITLE | |
| Uniform title | Bible. |
| Name of part/section of a work | N.T. |
| -- | John XV, 1-16 |
| General subdivision | Meditations. |
| 830 #0 - SERIES ADDED ENTRY--UNIFORM TITLE | |
| Uniform title | Moody classics. |
| 942 ## - ADDED ENTRY ELEMENTS (KOHA) | |
| Source of classification or shelving scheme | Dewey Decimal Classification |
| Koha item type | Books |
No items available.
